LEADER 00890nam0-22003251i-450- 001 990003068860403321 010 $a0-231-03508-X 035 $a000306886 035 $aFED01000306886 035 $a(Aleph)000306886FED01 035 $a000306886 100 $a20000920d1971----km-y0itay50------ba 101 0 $aita 102 $aIT 200 1 $aEnterprise Denied$eOrigins of the Decline of American Railroads$e1897-1917$fAlbro Martin. 210 $aNew York$cColumbia University Press$d\c\\1971. 215 $aXIV, 402 p.$d23 cm 610 0 $aFerrovie- Stati Uniti$aStoria 676 $aE/4.3 676 $aF/1.221 676 $aH/3.3 702 1$aMartin,$bAlbro 801 0$aIT$bUNINA$gRICA$2UNIMARC 901 $aBK 912 $a990003068860403321 952 $aE/4.3 MAR$b10124/I$fSES 959 $aSES 996 $aEnterprise Denied$9464956 997 $aUNINA DB $aING01 LEADER 01145cam2-2200385---450- 001 990003684790203316 005 20160127083846.0 010 $a978-84-670-0758-9 035 $a000368479 035 $aUSA01000368479 035 $a(ALEPH)000368479USA01 035 $a000368479 100 $a20120906d2012----km-y0itay50------ba 101 0 $aspa 102 $aES 105 $ay|||z|||001yy 200 1 $aAmo, luego existo$elos filósofos y el amor$fManuel Cruz 210 $aBarcelona$cAustral$d2012 215 $a250 p.$d19 cm 225 2 $aContemporánea$iHumanidades 300 $aSul frontespizio: Espasa 300 $aSul dorso: 765 410 0$1001000292675$12001$aContemporánea. Humanidades 606 0 $aAmore$xFilosofia$2BNCF 676 $a128.46 700 1$aCRUZ RODRÍGUEZ,$bManuel$0476361 801 0$aIT$bsalbc$gISBD 912 $a990003684790203316 951 $aII.1. Coll. 118/ 64$b7641 L.G.$cII.1. Coll.$d00291540 959 $aBK 969 $aUMA 979 $aANNAMARIA$b90$c20120906$lUSA01$h1323 979 $aANNAMARIA$b90$c20160127$lUSA01$h0838 996 $aAmo, luego existo$91140194 997 $aUNISA LEADER 02237nam 22006614a 450 001 9910781148303321 005 20230829010340.0 010 $a0-8276-1013-0 035 $a(CKB)2550000000017859 035 $a(OCoLC)698163010 035 $a(CaPaEBR)ebrary10402767 035 $a(SSID)ssj0000470601 035 $a(PQKBManifestationID)11272255 035 $a(PQKBTitleCode)TC0000470601 035 $a(PQKBWorkID)10412250 035 $a(PQKB)11106508 035 $a(MiAaPQ)EBC3039378 035 $a(MdBmJHUP)muse12637 035 $a(Au-PeEL)EBL3039378 035 $a(CaPaEBR)ebr10402767 035 $a(EXLCZ)992550000000017859 100 $a20060214d2006 uy 0 101 0 $aeng 135 $aurcn||||||||| 181 $ctxt 182 $cc 183 $acr 200 14$aThe Jewish book of days$b[electronic resource] $ea companion for all seasons /$fJill Hammer 205 $a1st ed. 210 $aPhiladelphia $cJewish Publication Society$d2006 215 $a1 online resource (449 p.) 300 $aBibliographic Level Mode of Issuance: Monograph 311 $a0-8276-0831-4 320 $aIncludes bibliographical references (p. 432-434) and index. 327 $aThe seed : 1 Tishrei to 14 Cheshvan -- The root : 15 Heshvan to 30 Kislev -- The branch : 1 Tevet to 14 Shevat -- The sap : 15 Shevat to 29 Adar -- The bud : 1 Nisan to 14 Iyar -- The leaf : 15 Iyar to 30 Sivan -- The flower : 1 Tammuz to 14 Av -- The fruit : 15 Av to 29 Elul. 606 $aSpiritual life$xJudaism 606 $aSeasons$xReligious aspects$xJudaism 606 $aNature$xReligious aspects$xJudaism 606 $aJewish calendar 606 $aMidrash 606 $aPresence of God 606 $aDays 615 0$aSpiritual life$xJudaism. 615 0$aSeasons$xReligious aspects$xJudaism. 615 0$aNature$xReligious aspects$xJudaism. 615 0$aJewish calendar. 615 0$aMidrash. 615 0$aPresence of God. 615 0$aDays. 676 $a296.7/2 700 $aHammer$b Jill$01498522 801 0$bMiAaPQ 801 1$bMiAaPQ 801 2$bMiAaPQ 906 $aBOOK 912 $a9910781148303321 996 $aThe Jewish book of days$93724106 997 $aUNINA